History of labor in modern Japan (Record no. 1075413)

MARC details
000 -LEADER
fixed length control field 00663nam a2200253Ia 4500
003 - CONTROL NUMBER IDENTIFIER
control field OSt
005 - DATE AND TIME OF LATEST TRANSACTION
control field 20221006142835.0
008 - FIXED-LENGTH DATA ELEMENTS--GENERAL INFORMATION
fixed length control field 221006b |||||||| |||| 00| 0 eng d
020 ## - INTERNATIONAL STANDARD BOOK NUMBER
-- .50
037 ## - SOURCE OF ACQUISITION
Terms of availability Textual
040 ## - CATALOGING SOURCE
Original cataloging agency EASL
Transcribing agency EASL
Language of cataloging eng
041 ## - LANGUAGE CODE
Source of code eng
Language code of text/sound track or separate title eng
100 ## - MAIN ENTRY--PERSONAL NAME
Personal name AYUSAWA Iwao F
9 (RLIN) 344382
245 #0 - TITLE STATEMENT
Title History of labor in modern Japan
260 ## - PUBLICATION, DISTRIBUTION, ETC.
Place of publication, distribution, etc. Honolulu
Name of publisher, distributor, etc. East West Center Press
Date of publication, distribution, etc. 1966
300 ## - PHYSICAL DESCRIPTION
Extent 406p.
Dimensions cm.
490 ## - SERIES STATEMENT
Volume/sequential designation RS
942 ## - ADDED ENTRY ELEMENTS (KOHA)
Classification part V420bX:9.N62, K6
Koha item type Textual
Source of classification or shelving scheme Colon Classification (CC)

No items available.

Copyright @ Delhi University Library System